000 00651nam a2200289Ia 4500
005 20260401122404.0
008 008 250103s9999 xx 000 0 eng d
037 _aTB
040 _aEDL
040 _beng
040 _cEDL
041 _2eng
041 _aeng
084 _a820.9 WHI
084 _qEDL
100 _aWhite, Danie E.
_91233458
245 0 _aEarly Romanticism and Religious Dissent
245 0 _cWhite, Danie E.
260 _aCambridge
260 _bCambridge University Press
260 _c2006
300 _a266p
942 _cTB
942 _h820.9 WHI
999 _c1846951
_d1846951